Châteaux du Monde par image n°1 - Statistiques

Statistiques générales
  • Ce quiz a été pris 133 fois
  • Le résultat moyen est 5 sur 15
Statistiques - réponses
Par images Hint Réponse % Correct
XVe-XXe Kremlin de Moscou
66%
XIXe Château de Neuschwanstein à Schwangau
58%
IIe-XVIe Château Saint-Ange à Rome
55%
XIe-XVe Tour de Londres
54%
XVIIe Château de Schönbrunn à Vienne
53%
XIIIe-XVIe Alhambra de Grenade
50%
XIXe Château Frontenac à Quebec
48%
XIXe Palais national de Pena à Sintra
20%
XIIe Krak des Chevaliers
19%
XVIe-XVIIe Château de Himeji
18%
XVIIIe Palais des vents à Jaipur
17%
XIIe-XIXe Citadelle de Saladin au Caire
11%
XIIIe-XIVe Forteresse teutonique de Marienbourg à Malbork
8%
XIIIe-XVIIIe Binnenhof de La Haye
6%
VIe-IVe av JC, reconstruit au XXIe Citadelle de Bam
5%
Aucun quiz correspondant
Distribution des résultats
% des personnes avec chaque résultat
Percentile par nombre de réponses
Votre historique - résultats
Vous n’avez pas pris ce quiz